[Event "Mecklenburg VP LL2 Ost 2122"]
[Site "Mecklenburg VP"]
[Date "2021.11.07"]
[Round "2.3"]
[White "Schroeter, Reinhard"]
[Black "Buenz, Heinrich"]
[Result "0-1"]
[WhiteElo "1743"]
[BlackElo "1794"]
[PlyCount "106"]
[EventDate "2021.10.24"]
[EventType "team-tourn"]
[EventRounds "9"]
[EventCountry "GER"]
[SourceTitle "EXT 2024"]
[Source "ChessBase"]
[SourceDate "2023.10.10"]
[SourceVersion "1"]
[SourceVersionDate "2023.10.10"]
[SourceQuality "1"]
[WhiteTeam "Rostock SSC 07 II"]
[BlackTeam "Neubrandenburg II"]
[WhiteTeamCountry "GER"]
[BlackTeamCountry "GER"]

1. c4 Nf6 2. Nc3 e6 3. Nf3 Be7 4. d4 0-0 5. e3 b6 6. Bd3 Bb7 7. 0-0 d5 8. Re1 Nbd7 9. a3 c5 10. cxd5 Nxd5 11. Nxd5 Bxd5 12. e4 Bb7 13. Be3 cxd4 14. Bxd4 Nc5 15. Bxc5 Bxc5 16. b4 Bd4 17. Nxd4 Qxd4 18. Qe2 Rfd8 19. Ba6 Bxa6 20. Qxa6 Rd7 21. Rac1 Rad8 22. Qe2 Qd3 23. Qf3 Qxf3 24. gxf3 g6 25. Rc2 Rd3 26. Re3 Rxe3 27. fxe3 Rd3 28. a4 Ra3 29. a5 bxa5 30. bxa5 Rxa5 31. Kf2 Ra1 32. Rc8+ Kg7 33. Ra8 g5 34. h3 a5 35. Kg2 a4 36. Ra7 a3 37. Ra8 a2 38. Ra7 Kf6 39. Ra5 Ke7 40. Kf2 Kd6 41. Kg2 Kc6 42. Ra8 Kc5 43. Ra7 Kc4 44. Ra3 h6 45. Kh2 Kb4 46. Ra8 Kc3 47. Ra7 Kd2 48. Ra3 Ke2 49. Kg2 e5 50. f4 gxf4 51. exf4 exf4 52. e5 f3+ 53. Rxf3 Rg1+ 0-1

[Event "Mecklenburg VP LL2 Ost 1617"]
[Site "Mecklenburg VP"]
[Date "2017.04.02"]
[Round "8.8"]
[White "Schroeter, Reinhard"]
[Black "Ernst, Mathias"]
[Result "1/2-1/2"]
[WhiteElo "1549"]
[BlackElo "1687"]
[PlyCount "84"]
[EventDate "2016.10.16"]
[EventType "team-tourn"]
[EventRounds "9"]
[EventCountry "GER"]
[SourceTitle "EXT 2022"]
[Source "ChessBase"]
[SourceDate "2021.10.06"]
[SourceVersion "1"]
[SourceVersionDate "2021.10.06"]
[SourceQuality "1"]
[WhiteTeam "Graal Mueritz"]
[BlackTeam "Rostock HSG Uni"]
[WhiteTeamCountry "GER"]
[BlackTeamCountry "GER"]

1. d4 Nf6 2. c4 g6 3. Nc3 Bg7 4. e4 d6 5. Nf3 0-0 6. h3 c6 7. Bd3 Nbd7 8. Be3 Qc7 9. Qd2 a6 10. 0-0 e5 11. d5 Ne8 12. g4 Qd8 13. Bg5 f6 14. Be3 Rf7 15. Ne2 Nf8 16. Kg2 Bd7 17. Ng3 Qc8 18. Nh2 h5 19. f3 h4 20. Ne2 g5 21. Bb6 Ng6 22. Rfc1 Bf8 23. Nf1 Be7 24. b4 Bd8 25. Bf2 Kg7 26. Rab1 a5 27. bxa5 Bxa5 28. Qb2 c5 29. Ne3 Bd8 30. Rc3 b6 31. Ra3 Ba4 32. Rxa4 Rxa4 33. Qb5 Qd7 34. Qb3 Rb4 35. Qc2 Qa4 36. Qd2 Rxb1 37. Bxb1 Rb7 38. Nc3 Qb4 39. Be1 Nf4+ 40. Kh2 Kf7 41. Qc1 Qa3 42. Qd2 Nc7 1/2-1/2

[Event "WchT Seniors 65"]
[Site "Radebeul"]
[Date "2016.06.30"]
[Round "5.4"]
[White "O'Leary, Matt"]
[Black "Schroeter, Reinhard"]
[Result "1/2-1/2"]
[WhiteElo "1862"]
[BlackElo "1801"]
[PlyCount "61"]
[EventDate "2016.06.26"]
[EventType "team-swiss"]
[EventRounds "9"]
[EventCountry "GER"]
[SourceTitle "CBM 173 Extra"]
[Source "ChessBase"]
[SourceDate "2016.08.29"]
[SourceVersion "1"]
[SourceVersionDate "2016.08.29"]
[SourceQuality "1"]
[WhiteTeam "Ireland"]
[BlackTeam "Mecklenburg Vorpommern"]
[WhiteTeamCountry "IRL"]
[BlackTeamCountry "GER"]

1. Nf3 d5 2. d4 Nf6 3. Nbd2 e6 4. c4 Be7 5. e3 0-0 6. Bd3 dxc4 7. Nxc4 Nbd7 8. 0-0 c5 9. Qe2 cxd4 10. Nxd4 Nc5 11. Bc2 Bd7 12. Rd1 Qc7 13. Bd2 Rac8 14. Rac1 Qb8 15. e4 b5 16. Na3 Qe5 17. Bc3 Qh5 18. Qxh5 Nxh5 19. b4 Na6 20. Nf5 Bg5 21. Bd2 exf5 22. Bxg5 Nxb4 23. Rxd7 Rxc2 24. Rxc2 Nxc2 25. exf5 h6 26. Be7 Rc8 27. Rxa7 Nb4 28. g4 Rc1+ 29. Kg2 Nf4+ 30. Kf3 Nfd5 31. Bxb4 1/2-1/2

[Event "Rostock SSC op 14th"]
[Site "Rostock"]
[Date "2015.08.01"]
[Round "6.21"]
[White "Schroeter, Reinhard"]
[Black "Troyke, Jannis"]
[Result "0-1"]
[WhiteElo "1785"]
[BlackElo "1381"]
[PlyCount "84"]
[EventDate "2015.07.29"]
[EventType "swiss"]
[EventRounds "7"]
[EventCountry "GER"]
[SourceTitle "EXT 2019"]
[Source "ChessBase"]
[SourceDate "2018.10.10"]
[SourceVersion "1"]
[SourceVersionDate "2018.10.10"]
[SourceQuality "1"]

1. d4 Nf6 2. Nf3 e6 3. c4 d5 4. Nc3 c5 5. Bg5 Be7 6. e3 h6 7. Bh4 0-0 8. Bd3 b6 9. 0-0 Nc6 10. Qc2 Nb4 11. Qe2 Nxd3 12. Qxd3 Re8 13. Rfd1 Bb7 14. Ne5 Qc7 15. Rac1 a6 16. f3 Rad8 17. b3 Nd7 18. Bxe7 Rxe7 19. Nxd7 Rexd7 20. Ne2 Qd6 21. Qc3 Qe7 22. Qe1 e5 23. dxe5 Qxe5 24. Ng3 dxc4 25. Rxd7 Rxd7 26. bxc4 Qb2 27. Rd1 Bc6 28. Rxd7 Bxd7 29. Qd1 Be6 30. Qb3 Qxb3 31. axb3 b5 32. b4 cxb4 33. cxb5 axb5 34. Ne2 b3 35. Nc3 b2 36. Kf2 b4 37. Nb1 Ba2 38. Nd2 b1Q 39. Nxb1 Bxb1 40. Ke2 b3 41. Kd2 Kf8 42. Kc3 Bc2 0-1

[Event "Rostock SSC op 14th"]
[Site "Rostock"]
[Date "2015.07.30"]
[Round "3.21"]
[White "Patrias, Joachim"]
[Black "Schroeter, Reinhard"]
[Result "1/2-1/2"]
[WhiteElo "1486"]
[BlackElo "1785"]
[PlyCount "74"]
[EventDate "2015.07.29"]
[EventType "swiss"]
[EventRounds "7"]
[EventCountry "GER"]
[SourceTitle "EXT 2019"]
[Source "ChessBase"]
[SourceDate "2018.10.10"]
[SourceVersion "1"]
[SourceVersionDate "2018.10.10"]
[SourceQuality "1"]

1. e4 c5 2. Nf3 Nc6 3. d4 cxd4 4. Nxd4 d6 5. c4 Nf6 6. Nc3 e6 7. Be2 Be7 8. Be3 a6 9. Qd2 Qc7 10. Bf3 Ne5 11. b3 Nxf3+ 12. Nxf3 Bd7 13. 0-0 0-0 14. Rac1 Bc6 15. Qd3 Rfd8 16. Qc2 d5 17. cxd5 exd5 18. e5 Ng4 19. Bf4 f6 20. Qf5 fxe5 21. Bg3 Qd7 22. Qxd7 Rxd7 23. h3 e4 24. Nd4 Nf6 25. Nxc6 bxc6 26. Na4 Re8 27. Rxc6 a5 28. Rfc1 d4 29. Bf4 Bb4 30. Rc8 Rdd8 31. Rxd8 Rxd8 32. Nb6 Re8 33. Nc4 Nd5 34. Bd2 Bxd2 35. Nxd2 e3 36. fxe3 dxe3 37. Nf3 Nf4 1/2-1/2

[Event "Mecklenburg VP LL2 Ost 1112"]
[Site "Mecklenburg VP"]
[Date "2012.04.15"]
[Round "9.5"]
[White "Schroeter, Reinhard"]
[Black "Dao Xuan, Duong"]
[Result "1/2-1/2"]
[WhiteElo "1502"]
[BlackElo "1548"]
[PlyCount "45"]
[EventDate "2011.10.02"]
[EventType "team-tourn"]
[EventRounds "9"]
[EventCountry "GER"]
[SourceTitle "EXT 2022"]
[Source "ChessBase"]
[SourceDate "2021.10.06"]
[SourceVersion "1"]
[SourceVersionDate "2021.10.06"]
[SourceQuality "1"]
[WhiteTeam "Neubrandenburg SG Eintracht II"]
[BlackTeam "Graal Mueritz"]
[WhiteTeamCountry "GER"]
[BlackTeamCountry "GER"]

1. d4 Nf6 2. c4 g6 3. Nf3 Bg7 4. g3 d6 5. Bg2 0-0 6. 0-0 Nbd7 7. Nc3 a6 8. e4 Qe8 9. Re1 e5 10. Nd5 Nxd5 11. exd5 f5 12. dxe5 dxe5 13. Rb1 e4 14. Bf4 Nc5 15. Bf1 Qf7 16. Nd4 h6 17. b4 g5 18. bxc5 gxf4 19. gxf4 Qf6 20. Ne6 Bxe6 21. dxe6 Qxe6 22. Qd5 Qxd5 23. cxd5 1/2-1/2